000 00568nam a22001817a 4500
005 20230925123823.0
010 _aENG-134890
020 _a9789354425936
_c375.00
035 _aEN-118422
037 _bDBAD/PUB
082 _a880
100 _aChakrabarty, Jaydeep
_957371
245 _aEdward Said A Critical Introduction/
_cBy Jaydeep Chakrabarty,
260 _bOrient Blackswan Private Limited
_aHyderabad
_c2023
270 _a3-6-752, Himayatnagar, Hyderabad
_bTelengana
_e500029
300 _a197p.
_c22cm(pbk)
942 _2ddc
_cEN
_h880
_mCHA
999 _c191791
_d191791